000 00624nam a2200229Ia 4500
003 OSt
005 20230316101745.0
008 210423s2006 xx 000 0 und d
020 _a8122412580
040 _cAL
041 _aeng
082 _a547.05
_223
_bMEHR
100 _aMEHROTRA (R C);SINGH (A).
_941618
245 _aOrganometallic chemistry: a unified approach.
250 _a2
260 _aNew Delhi
_bNew Age International
_c2006
300 _axiii,618
_bPB
365 _b295
_cINR
650 _aOrganic Chemistry
_941619
906 _aapproach. ; chemistry: ; Organometallic ; unified
942 _2ddc
_cBK
999 _c153610
_d153610